| 000 | 00419nam a22001817a 4500 | ||
|---|---|---|---|
| 003 | CEME | ||
| 005 | 20210628204124.0 | ||
| 008 | 210107b xxu||||| |||| 00| 0 eng d | ||
| 020 | _a9781435483828 | ||
| 040 | _cceme | ||
| 082 | _a629.231 BEN | ||
| 100 |
_aBennett, Sean _968841 |
||
| 245 | _aHeavy duty truck systems | ||
| 250 | _a5TH | ||
| 260 |
_aUSA _bDELMAR _c2011 |
||
| 300 | _aXXII, 1268P | ||
| 942 |
_cBK _2ddc |
||
| 999 |
_c576299 _d576299 |
||